Kadra reprezentacji Słowenii na Euro 2024 - Statystyki

Ogólne statystyki
  • Ten quiz został rozwiązany 125 razy
  • Średni wynik to 5 z 26
Statystyki odpowiedzi
Zawodnik Pozycja Klub % Poprawnych
Jan Oblak Bramkarz Atlético Madryt
100%
Benjamin Šeško Napastnik RB Lipsk
74%
Erik Janža Obrońca Górnik Zabrze
58%
Jaka Bijol Obrońca Udinese Calcio
33%
Miha Blažič Obrońca Lech Poznań
29%
Josip Iličić Napastnik NK Maribor
26%
Andraž Šporar Napastnik Panathinakos
22%
Benjamin Verbič Pomocnik Panathinakos
18%
Petar Stojanović Obrońca Sampdoria
17%
Žan Karničnik Obrońca NK Celje
15%
Adam Gnezda-Čerin Pomocnik Panathinakos
12%
Jure Balkovec Obrońca Alanyaspor
11%
Sandi Lovrić Pomocnik Udinese Calcio
10%
Timi Maks Elšnik Pomocnik NK Olimpija
10%
David Brekalo Obrońca Orlando City
9%
Jan Mlakar Napastnik Pisa
9%
Vid Belec Bramkarz APOEL
9%
Jasmin Kurtić Pomocnik FC Südtirol
8%
Jon Gorenc Stanković Pomocnik Sturm Graz
8%
Vanja Drkušić Obrońca FK Soczi
8%
Žan Vipotnik Napastnik Girondins Bordeaux
8%
Tomi Horvat Pomocnik Sturm Graz
7%
Igor Vekić Bramkarz Vejle
5%
Nino Žugelj Pomocnik Bodø/Glimt
5%
Adrian Zeljković Pomocnik Spartak Trnawa
4%
Žan Celar Napastnik FC Lugano
4%
Nie znaleziono quizów pasujących do podanych kryteriów
Rozkład punktacji
Procent ludzi z każdym wynikiem
Percentyl według liczby udzielonych odpowiedzi
Twoja historia wyników
Nie rozwiązałeś tego quizu